000 00632cam a22002293a 4500
001 16666
003 PGUSA
005 20140828083345.0
008 050906s2005||||xxu|||||s|||||000 1 eng d
040 _aPGUSA
_beng
042 _adc
050 4 _aPR
100 1 _aOxenham, John,
_d1852-1941
245 1 0 _aCarette of Sark
_h[electronic resource] /
_cJohn Oxenham
260 _bProject Gutenberg,
_c2005
506 _aPublic domain in the USA.
516 _aElectronic text
653 _aSark (Channel Islands) -- Fiction
830 0 _aProject Gutenberg
_v16666
856 4 0 _uhttp://www.gutenberg.org/ebooks/16666
942 _cEB
999 _c245921
_d245921